| 000 | 01262cam a2200301 a 4500 | ||
|---|---|---|---|
| 001 | 15708552 | ||
| 005 | 20100128155226.0 | ||
| 008 | 090422s2009 enka | b 001 0 eng d | ||
| 010 | _a 2009016994 | ||
| 020 | _a9780521881791 (hardback : alk. paper) | ||
| 020 | _a9780521708234 (pbk. : alk. paper) | ||
| 035 | _a(OCoLC)ocn316824225 | ||
| 040 |
_aDLC _cDLC _dBTCTA _dYDXCP _dBWK _dC#P _dBWX _dCDX _dDLC |
||
| 050 | 0 | 0 |
_aU21.2 _b.V378 2009 |
| 082 | 0 | 0 |
_222 _a355.027 _bVAS |
| 100 | 1 |
_aVasquez, John A., _d1945- _915724 |
|
| 245 | 1 | 4 |
_aThe War Puzzle Revisited / _cJohn A. Vasquez. |
| 260 |
_aCambridge : _bCambridge University Press, _cc2009. |
||
| 300 |
_axxi, 477 p. : _bill. ; _c24 cm. |
||
| 490 | 1 |
_aCambridge studies in international relations ; _v110 _915725 |
|
| 504 | _aIncludes bibliographical references and index. | ||
| 541 | _aBacca ; | ||
| 650 | 0 |
_aWar _xCauses. _915726 |
|
| 830 | 0 |
_aCambridge studies in international relations ; _v110. _915727 |
|
| 942 |
_2ddc _cBB |
||
| 999 |
_c14341 _d14341 |
||